The 6 Most Important Decisions You'll Ever Make : (Record no. 15411)
[ view plain ]
| 000 -LEADER | |
|---|---|
| fixed length control field | 01661cam a2200385 a 4500 |
| 001 - CONTROL NUMBER | |
| control field | 14649092 |
| 005 - DATE AND TIME OF LATEST TRANSACTION | |
| control field | 20081015084256.0 |
| 008 - FIXED-LENGTH DATA ELEMENTS--GENERAL INFORMATION | |
| fixed length control field | 061128s2006 nyua 001 0 eng d |
| 010 ## - LIBRARY OF CONGRESS CONTROL NUMBER | |
| LC control number | 2006285738 |
| 020 ## - INTERNATIONAL STANDARD BOOK NUMBER | |
| International Standard Book Number | 1847374298 |
| 020 ## - INTERNATIONAL STANDARD BOOK NUMBER | |
| International Standard Book Number | 9781847374295 |
| 035 ## - SYSTEM CONTROL NUMBER | |
| System control number | (OCoLC)ocm71805590 |
| 035 ## - SYSTEM CONTROL NUMBER | |
| System control number | (OCoLC)71805590 |
| 040 ## - CATALOGING SOURCE | |
| Original cataloging agency | KRL |
| Transcribing agency | KRL |
| Modifying agency | KRL |
| -- | CPL |
| -- | BAKER |
| -- | DLC |
| 042 ## - AUTHENTICATION CODE | |
| Authentication code | lccopycat |
| 050 00 - LIBRARY OF CONGRESS CALL NUMBER | |
| Classification number | BJ1661 |
| Item number | .C665 2006 |
| 082 00 - DEWEY DECIMAL CLASSIFICATION NUMBER | |
| Classification number | 158.0835 |
| Edition number | 22 |
| Item number | COV |
| 100 1# - MAIN ENTRY--PERSONAL NAME | |
| Personal name | Covey, Sean. |
| 9 (RLIN) | 24166 |
| 245 14 - TITLE STATEMENT | |
| Title | The 6 Most Important Decisions You'll Ever Make : |
| Remainder of title | Personal Workbook / |
| Statement of responsibility, etc | Sean Covey. |
| 246 3# - VARYING FORM OF TITLE | |
| Title proper/short title | Six most important decisions you'll ever make |
| 260 ## - PUBLICATION, DISTRIBUTION, ETC. (IMPRINT) | |
| Place of publication, distribution, etc | New York : |
| Name of publisher, distributor, etc | Simon & Schuster, 2009 |
| Date of publication, distribution, etc | 2009 |
| 300 ## - PHYSICAL DESCRIPTION | |
| Extent | 182 p. : |
| Other physical details | ill. (some col.) ; |
| Dimensions | 24 cm. |
| 500 ## - GENERAL NOTE | |
| General note | "A Fireside Book." |
| 504 ## - BIBLIOGRAPHY, ETC. NOTE | |
| Bibliography, etc | Includes bibliographical references (p. 310-311) and index. |
| 650 #0 - SUBJECT ADDED ENTRY--TOPICAL TERM | |
| Topical term or geographic name as entry element | Teenagers |
| General subdivision | Conduct of life. |
| 9 (RLIN) | 24167 |
| 650 #0 - SUBJECT ADDED ENTRY--TOPICAL TERM | |
| Topical term or geographic name as entry element | Teenagers |
| Form subdivision | Life skills guides. |
| 9 (RLIN) | 24168 |
| 650 #0 - SUBJECT ADDED ENTRY--TOPICAL TERM | |
| Topical term or geographic name as entry element | Decision making in adolescence. |
| 9 (RLIN) | 24169 |
| 653 ## - INDEX TERM--UNCONTROLLED | |
| Resource For college | |
| Arrived date list | May2011 |
| 856 42 - ELECTRONIC LOCATION AND ACCESS | |
| Materials specified | Publisher description |
| Uniform Resource Identifier | <a href="http://www.loc.gov/catdir/enhancements/fy0633/2006285738-d.html">http://www.loc.gov/catdir/enhancements/fy0633/2006285738-d.html</a> |
| 856 41 - ELECTRONIC LOCATION AND ACCESS | |
| Materials specified | Sample text |
| Uniform Resource Identifier | <a href="http://www.loc.gov/catdir/enhancements/fy0633/2006285738-s.html">http://www.loc.gov/catdir/enhancements/fy0633/2006285738-s.html</a> |
| 856 41 - ELECTRONIC LOCATION AND ACCESS | |
| Materials specified | Table of contents only |
| Uniform Resource Identifier | <a href="http://www.loc.gov/catdir/enhancements/fy0633/2006285738-t.html">http://www.loc.gov/catdir/enhancements/fy0633/2006285738-t.html</a> |
| 942 ## - ADDED ENTRY ELEMENTS (KOHA) | |
| Source of classification or shelving scheme | Dewey Decimal Classification |
| Item type | Book - Borrowing |
| Withdrawn status | Item status | Source of classification or shelving scheme | Damaged status | Not for loan | Vendor | Home library | Current library | Shelving location | Date acquired | Source of acquisition | Cost, normal purchase price | Serial Enumeration / chronology | Total Checkouts | Total Renewals | Full call number | Barcode | Date last seen | Date last borrowed | Koha item type |
|---|---|---|---|---|---|---|---|---|---|---|---|---|---|---|---|---|---|---|---|
| Dewey Decimal Classification | Baccah | Central Library | Central Library | Lower Floor | 26/05/2011 | 100.00 | 12349 | 11 | 12 | 158.0835 COV | 000023737 | 15/07/2025 | 07/03/2022 | Book - Borrowing |